Проблемы управления охраной труда и производственный травматизм в угольной отрасли Кузбасса; Безопасность жизнедеятельности; № 12

Dades bibliogràfiques
Parent link:Безопасность жизнедеятельности: научно-практический и учебно-методический журнал.— , 2001-
№ 12.— 2004.— С. 2-4
Altres autors: Шевченко Л. А., Шевченко И. Л., Денисова Л. Н., Шевченко М. В.
Idioma:rus
Publicat: 2004
Col·lecció:Безопасность труда
Matèries:
Format: MixedMaterials Capítol de llibre
KOHA link:https://koha.lib.tpu.ru/cgi-bin/koha/opac-detail.pl?biblionumber=395360

MARC

LEADER 00000naa2a2200000 4500
001 395360
005 20231101064620.0
035 |a (RuTPU)RU\TPU\prd\32630 
090 |a 395360 
100 |a 20050210a2004 k y0rusy50 ca 
101 0 |a rus 
102 |a RU 
200 1 |a Проблемы управления охраной труда и производственный травматизм в угольной отрасли Кузбасса  |f Л. А. Шевченко, И. Л. Шевченко, Л. Н. Денисова, М. В. Шевченко 
225 1 |a Безопасность труда 
461 1 |0 (RuTPU)RU\TPU\prd\1137  |t Безопасность жизнедеятельности  |o научно-практический и учебно-методический журнал  |d 2001- 
463 1 |0 (RuTPU)RU\TPU\prd\31889  |t № 12  |v С. 2-4  |d 2004 
610 1 |a безопасность труда 
610 1 |a травматизм 
610 1 |a Кузбасс 
610 1 |a угольная промышленность 
610 1 |a управление 
610 1 |a охрана труда 
675 |a 622.861  |v 3 
701 1 |a Шевченко  |b Л. А. 
701 1 |a Шевченко  |b И. Л. 
701 1 |a Денисова  |b Л. Н. 
701 1 |a Шевченко  |b М. В. 
801 1 |a RU  |b 63413507  |c 20050210  |g PSBO 
942 |c BK